| 000 | 01344nam a2200301 c 4500 | ||
|---|---|---|---|
| 003 | BLK | ||
| 005 | 20180422095921.0 | ||
| 008 | 180407b bul|||||r ||||||| ||bul|| | ||
| 010 | _aKNG00032892000 | ||
| 020 |
_a954-8453-41-Х _bиздат.: Весела Люцканова |
||
| 040 | _aBLK | ||
| 041 |
_aBUL _cBUL |
||
| 080 |
_aАмериканска литература (на САЩ) _b821.111(73) _x-32 _z821.111(73)-32 |
||
| 100 | 1 |
_aВонегът, Кърт _eпърви автор _9243619 |
|
| 700 | 1 |
_aГерманов, Владимир _eпрев. от англ. _9363432 |
|
| 139 |
_aВонегът, Кърт _bВ 83 |
||
| 245 | 1 | 0 |
_aКутия за енфие от Багомбо _bНеиздавани в сб. разкази _cКърт Вонегът; прев. от англ. Владимир Германов. |
| 257 | _aUSA | ||
| 260 |
_аСофия _bВесела Люцканова _c1999 _fСофия : Петекстон |
||
| 300 |
_a348 с. _c20 см |
||
| 380 | _aX | ||
| 500 | _aКор. загл. Кутийка за енфие от Багомбо. - Ориг. загл. Bagombo snuff box / Kurt Vonnegut. - Авт. е известен като Кърт Вонегът | ||
| 852 | _aЦб 205117 | ||
| 856 | 4 |
_qpdf _u |
|
| 856 | 4 |
_qpdf _u |
|
| 942 |
_cKNG _n0 |
||
| 944 |
_aCR _c15.01.2003 _kГеновева_Генчева |
||
| 944 |
_aED _c17.01.2011 _k |
||
| 999 |
_c30259 _d30259 |
||